00403 2200157 4500001002100000008004100021035002000062245003700082100001600119260003200135300002200167020002200189084001400211082000800225990001200233INLIS000000000002751 IND  a0010-0925000098 aAir Mata PerpisahancAster Putih aAster Putih aJakartabRumah Oranyec2014 a188c(13 x 19 cm) a978-602-1588-60-4 a813 AST c a813 a0754973